MARC

LEADER 00000nam0a2200000 4500
001 358726
005 20231102011125.0
035 |a (RuTPU)RU\TPU\retro\15997 
090 |a 358726 
100 |a 20200821d1978 m y0rusy50 ca 
101 0 |a rus 
102 |a RU 
105 |a a j 001zy 
200 1 |a Основы автоматики и вычислительной техники  |e учебник для техникумов  |f Е. М. Гордин, Ю. Ш. Митник, В. А. Тарлинский 
210 |a Москва  |c Машиностроение  |d 1978 
215 |a 304 с.  |c ил. 
320 |a Библиогр.: с. 298-299 
606 1 |a Кибернетика  |2 stltpush  |3 (RuTPU)RU\TPU\subj\39446  |9 59539 
606 1 |a Компьютерная техника  |2 stltpush  |3 (RuTPU)RU\TPU\subj\15170  |9 41438 
610 1 |a учебники 
610 1 |a автоматика 
610 1 |a телемеханика 
610 1 |a датчики 
610 1 |a усилители 
610 1 |a стабилизаторы 
610 1 |a распределители 
610 1 |a исполнительные устройства 
610 1 |a автоматические системы контроля 
610 1 |a автоматические системы сигнализации 
610 1 |a следящие системы 
610 1 |a автоматические системы регулирования 
610 1 |a электронные вычислительные машины 
610 1 |a цифровые вычислительные машины 
675 |a 681.5(075.3)  |v 4 
675 |a 681.3(075.3)  |v 4 
700 1 |a Гордин  |b Е. М.  |g Ефим Маркович 
701 1 |a Митник  |b Ю. Ш.  |g Юрий Шулимович 
701 1 |a Тарлинский  |b В. А.  |g Виктор Абрамович 
801 1 |a RU  |b 63413507  |c 20200821 
801 2 |a RU  |b 63413507  |c 20210318  |g RCR 
942 |c BK